Statistiques concernant Groupes Ligue des Champions 2017-2018

Cliquez ici pour prendre le quiz!

Statistiques générales

  • Ce quiz a été pris 100 fois
  • Le résultat moyen est 23 sur 32

Statistiques - réponses

GroupePlace dans le groupeNoms des équipes% Correct
Groupe H2èmeReal Madrid
100%
Groupe B1erPSG
99%
Groupe B2èmeBayern Munich
98%
Groupe D1erFC Barcelone
98%
Groupe G4èmeAS Monaco
97%
Groupe D2èmeJuventus
95%
Groupe C3èmeAtlético Madrid
94%
Groupe C2èmeChelsea
94%
Groupe F1erManchester City
94%
Groupe E1erLiverpool
91%
Groupe H3èmeBorussia Dortmund
90%
Groupe E2èmeSéville FC
90%
Groupe A1erManchester United
88%
Groupe F3èmeNaples
88%
Groupe C1erAS Roma
83%
Groupe G2èmeFC Porto
83%
Groupe A4èmeBenfica Lisbonne
81%
Groupe H1erTottenham
81%
Groupe B4èmeRSC Anderlecht
69%
Groupe B3èmeCeltic Glasgow
68%
Groupe G3èmeRB Leipzig
66%
Groupe D3èmeSporting Portugal
65%
Groupe A3èmeCSKA Moscou
61%
Groupe A2èmeFC Bâle
60%
Groupe F4èmeFeyenoord Rotterdam
50%
Groupe D4èmeOlympiakos
48%
Groupe G1erBeşiktaş
44%
Groupe E3èmeSpartak Moscou
44%
Groupe H4èmeAPOEL Nicosie
41%
Groupe C4èmeQarabağ FK
30%
Groupe F2èmeChakhtar Donestk
26%
Groupe E4èmeNK Maribor
26%

Distribution des résultats

Percentile par nombre de réponses

% des personnes avec chaque résultat

Votre développement - résultats

Vous n’avez pas pris ce quiz